| 000 | 01395nam a2200325 a 4500 | ||
|---|---|---|---|
| 001 | ebr10074859 | ||
| 003 | CaPaEBR | ||
| 006 | m u | ||
| 007 | cr cn||||||||| | ||
| 008 | 020918s2002 enk sb 001 0 eng | ||
| 010 | _z 2002033374 | ||
| 020 | _z0719058937 (hardback) | ||
| 020 | _z0719058945 (pbk.) | ||
| 040 |
_aCaPaEBR _cCaPaEBR |
||
| 035 | _a(OCoLC)57555449 | ||
| 050 | 1 | 4 |
_aD759 _b.M24 2002eb |
| 082 | 0 | 4 |
_a940.53/41 _221 |
| 100 | 1 |
_aMackay, Robert, _d1940- |
|
| 245 | 1 | 0 |
_aHalf the battle _h[electronic resource] : _bcivilian morale in Britain during the Second World War / _cRobert Mackay. |
| 260 |
_aManchester ; _aNew York : _bManchester University Press : _bDistributed in the U.S.A. by Palgrave, _c2002. |
||
| 300 | _avi, 282 p. | ||
| 504 | _aIncludes bibliographical references (p. [267]-274) and index. | ||
| 533 |
_aElectronic reproduction. _bPalo Alto, Calif. : _cebrary, _d2013. _nAvailable via World Wide Web. _nAccess may be limited to ebrary affiliated libraries. |
||
| 650 | 0 |
_aWorld War, 1939-1945 _zGreat Britain. |
|
| 650 | 0 |
_aWorld War, 1939-1945 _xSocial aspects _zGreat Britain. |
|
| 651 | 0 |
_aGreat Britain _xSocial life and customs _y1918-1945. |
|
| 655 | 7 |
_aElectronic books. _2local |
|
| 710 | 2 | _aebrary, Inc. | |
| 856 | 4 | 0 |
_uhttp://site.ebrary.com/lib/rucke/Doc?id=10074859 _zAn electronic book accessible through the World Wide Web; click to view |
| 999 |
_c45088 _d45088 |
||